| 000 | 00596nam a22002177a 4500 | ||
|---|---|---|---|
| 003 | Ost | ||
| 005 | 20250227132103.0 | ||
| 008 | 250226b |||||||| |||| 00| 0 eng d | ||
| 020 | _a9788126534579 | ||
| 040 | _cBT-PhCST | ||
| 050 | _a25148-25150 | ||
| 082 |
_222 _a549.2 _bKLE |
||
| 100 | _aKlein, Cornelis | ||
| 245 | _aThe manual of mineral science / | ||
| 250 | _a23rd ed. | ||
| 260 |
_aNew Delhi : _bWiley & Sons, _cc2019. |
||
| 300 |
_axxi, 675 p. : _bill. ; _c28 cm. |
||
| 504 | _aIncludes appendix, Mineral index and subject index | ||
| 700 | _aDutrow, Barbara | ||
| 942 |
_2ddc _cGEOLOGY |
||
| 999 |
_c9883 _d9883 |
||